Dynamit in Konia, (Record no. 1010)
[ view plain ]
| 000 -LEADER | |
|---|---|
| fixed length control field | 00614cam a22002051 4500 |
| 001 - CONTROL NUMBER | |
| control field | af 47000894 |
| 003 - CONTROL NUMBER IDENTIFIER | |
| control field | DLC |
| 005 - DATE AND TIME OF LATEST TRANSACTION | |
| control field | 20260227110805.0 |
| 008 - FIXED-LENGTH DATA ELEMENTS--GENERAL INFORMATION | |
| fixed length control field | 890517s1943 gw 000 1 ger c |
| 010 ## - LIBRARY OF CONGRESS CONTROL NUMBER | |
| LC control number | af 47000894 |
| 035 ## - SYSTEM CONTROL NUMBER | |
| System control number | (OCoLC)19720572 |
| 040 ## - CATALOGING SOURCE | |
| Original cataloging agency | California. Univ. Libr. |
| Transcribing agency | CU |
| Modifying agency | DLC |
| 042 ## - AUTHENTICATION CODE | |
| Authentication code | premarc |
| 050 00 - LIBRARY OF CONGRESS CALL NUMBER | |
| Classification number | PT2631.E48 |
| Item number | D9 |
| 100 1# - MAIN ENTRY--PERSONAL NAME | |
| Personal name | Persich, Walter, |
| Dates associated with a name | 1904-1955. |
| 245 10 - TITLE STATEMENT | |
| Title | Dynamit in Konia, |
| Remainder of title | roman vom anatolischen bahnbau, |
| Statement of responsibility, etc. | von Christoph Walter Drey [pseud.] |
| 260 ## - PUBLICATION, DISTRIBUTION, ETC. | |
| Place of publication, distribution, etc. | Leipzig, |
| Name of publisher, distributor, etc. | Lipsia-verlag Friedrich & co. |
| Date of publication, distribution, etc. | [1943] |
| 300 ## - PHYSICAL DESCRIPTION | |
| Extent | 208 p. |
| Dimensions | 19 cm. |
| 500 ## - GENERAL NOTE | |
| General note | "3. auflage." |
No items available.